Dagens Samhälle (Post nr. 1407)
[ visa ren ]
| 000 -LEADER | |
|---|---|
| fixed length control field | 00481nas a2200193 a 4500 |
| 001 - CONTROL NUMBER | |
| control field | 61438 |
| 008 - FIXED-LENGTH DATA ELEMENTS--GENERAL INFORMATION | |
| fixed length control field | s 9999sw zr|p r|||||||||||swe|| |
| 022 ## - INTERNATIONAL STANDARD SERIAL NUMBER | |
| International Standard Serial Number | 1652-6511 |
| 084 ## - OTHER CLASSIFICATION NUMBER | |
| Classification number | (p) |
| Number source | kssb/8 |
| 222 #0 - KEY TITLE | |
| Key title | Dagens Samhälle |
| 245 00 - TITLE STATEMENT | |
| Title | Dagens Samhälle |
| 260 ## - PUBLICATION, DISTRIBUTION, ETC. | |
| Name of publisher, distributor, etc. | Titeldata AB |
| 310 ## - CURRENT PUBLICATION FREQUENCY | |
| Current publication frequency | Nummer/år: 45 |
| 500 ## - GENERAL NOTE | |
| General note | Ute på cirkulation bland avdelningar samt sätts ut i läsrum |
| 653 ## - INDEX TERM--UNCONTROLLED | |
| Uncontrolled term | Tidskrift |
| 762 0# - SUBSERIES ENTRY | |
| Record control number | 61442 |
| 762 0# - SUBSERIES ENTRY | |
| Record control number | 64871 |
Inga exemplar finns tillgängliga.